A casebook for a first course in statistics and data analysis

Saved in:
Bibliographic Details
Main Author: Chatterjee, Samprit 1938-
Other Authors: Handcock, Mark Stephen 1961-, Simonoff, Jeffrey S.
Format: Book
Language:English
Published: New York : Wiley, c1995
Subjects:
Tags: Add Tag
No Tags, Be the first to tag this record!

MARC

LEADER 00000nam a2200000 i 4500
001 1/103118
008 000330s1995 eng d
020 |a 0471110302 
035 |l 10058347 
040 |a GR-MY-UA  |b gre  |e aacr 
041 0 |a eng 
082 0 |a 519.5 
100 1 |a Chatterjee, Samprit  |d 1938- 
245 1 2 |a A casebook for a first course in statistics and data analysis /  |c Samprit Chatterjee, Mark S. Handcock, Jeffrey S. Simonoff 
260 |a New York :   |b Wiley,   |c c1995 
300 |a xi, 314 p.;  |b ill.;  |c 24 cm.+  |e 1 computer disk (3 1/2 in.) 
504 |a Includes index 
650 0 0 |a Statistics  |x Case studies. 
700 1 |a Handcock, Mark Stephen  |d 1961- 
700 1 |a Simonoff, Jeffrey S. 
852 |a INST  |b SAMOS  |e 20000330  |h 519.5 CHA  |p 005300018155  |q 005300018155  |t BK  |y 0 
852 |a INST  |b SAMOS  |e 20000330  |h 519.5 CHA   |p 005300015288  |q 005300015288  |t BK  |y 0 
901 |a BIBL3-2000-1 
909 |a Σ  |b 074052 
909 |a Σ  |b 074053 
922 |a 3ΕΛΗ  |b 200001  |c ΒΙΒΛΙΟΘΗΚΗ  |d ΠΑΠΑΣΩΤΗΡΙΟΥ 
950 |a 127-1999-12-03 
970 |a ΠΟΥΡΝΑΡΑΣ  |b ΔΗΜΗΤΡΗΣ  |z 2000/03/30